000 01177nam0a22002651 4500
001 rc\2312467
005 20260406223440.0
035 _a(NLR Aleph) 006504707
090 _a6267768
_c6267768
100 _a20110829d1977 |||y0rusy50 ca
101 0 _arus
102 _aRU
105 _aa b |||||
200 1 _aКартины Эжена Будена, 1824-1898
_eКаталог выставки: Неделя Гавра в Ленинграде
210 _aЛенинград
_c[Б. и.]
_d1977
215 _a12 с.
_cил.
_d14х18
300 _aВ надзаг.: Исполком Ленингр. гор. Совета депутатов трудящихся, Муниципалитет Гавра, Музей изобразит. искусств Гавра, Гос. Эрмитаж
606 _aФранцузская живопись
_z19 в.
_xВыставки
_z1977
_yЛенинград
_2rkp
710 1 0 _aБуден,
_gЭжен
_hВыставка произведений
_f1977
_eЛенинград
_3RU\NLR\AUTH\889978794
_9454088
801 0 _aRU
_bNLR
_gpsbo
801 1 _aRU
_bELAR
_2rusmarc
852 _aNLR
_bЭ
_jКП/Б903
942 _cBOOK
980 _aNB